Представление документа в формате RUSMARC

ПолеНазваниеЗначение
  Тип записи a
  Библиографический уровень m
001 Контрольный номер RU/CBS_UL/BASE/dbc13eaf90554abe847fcdfa365975ba
005 Дата корректировки 20230811151247.9
010 Индекс ISBN __
a ISBN
b Уточнения в пер.
d Цена 31 р. 00 к.
9 Тираж экз.
100 Данные общей обработки __
a Данные общей обработки 20230811d 0rusy0189## ca
101 Язык документа 0_
a Язык текста rus
102 Страна публикации __
a Страна публикации RU
200 Заглавие и сведения об ответственности 1_
a Заглавие История русской литературы конца XIX - начала XX века
e Сведения, относящиеся к заглавию учебник для вузов
f Первые сведения об ответственности А. Г. Соколов
205 Сведения об издании __
a Основные сведения об издании 4-е изд. доп и перераб.
210 Выходные данные 1_
a Место издания Москва
c Издательство Высшая школа
c Издательство Академия
d Дата издания 1999
215 Физическое описание __
a Объем 432 с.
d Формат см.
300 Общие примечания __
a Общие примечания Под инв. номером 68504: 2-1, 3-1, 7-1, 8-1, 28-2
300 Общие примечания __
a Общие примечания 16+
606 Тематические рубрики 0_
a Основная рубрика Русская литература, 19-20 вв. - Учебники для вузов
610 Ключевые слова 0_
a Ключевые слова русская литература; творчество писателей; анализ произведений; литературные течения; литературоведение; учебники
686 Индексы других классификаций __
2 Код системы rubbk
a Классификационный индекс 83.3(2Рос=Рус)1
700 Автор _1
a Фамилия Соколов
b Имя (инициалы) А. Г.
g Полное личное имя Алексей Георгиевич
801 Источник записи _0
a Страна RU
b Организация МБУК ЦБС г. Ульяновска
c Дата составления 20230811
g Правила каталогизации RCR
801 Источник записи _1
a Страна RU
b Организация МБУК ЦБС г. Ульяновска
c Дата составления 20230811
g Правила каталогизации RCR
852 Данные о местонахождении __
i Авторский знак С 59
j Шифр хранения 83.3(2Рос=Рус)1
901 Тип документа __
t Тип документа m